| 000 | 00828nam a2200229 a 4500 | ||
|---|---|---|---|
| 001 | 63307 | ||
| 003 | BD-RjUL | ||
| 005 | 20211209081159.0 | ||
| 008 | 170129s1974 bg ||||| |||| 00| 0 ben d | ||
| 020 | _c: TK 6.00 | ||
| 035 | _a(BD-RjUL)63436 | ||
| 040 |
_aBD-RjUL _bben _cBD-RjUL |
||
| 041 | _aben | ||
| 082 |
_223 _a398.398.0954926 _bJAS 1974 |
||
| 245 | 0 | 0 | _aযশোরের লোক-কাহিনী / |
| 260 |
_aঢাকা : _bবাংলা একডেমী, _c১৯৭৪ |
||
| 300 |
_a৮০ পৃ. ; _c২১ সেমি. |
||
| 650 |
_aফোকলোর _zবাংলাদেশ (যশোর) _9188403 |
||
| 650 |
_aFolklore _zBangladesh (Jossore) _9188404 |
||
| 700 |
_aমনিরুজ্জামান, মোহাম্মদ, সম্পাদক _9188405 |
||
| 942 |
_2ddc _cBK |
||
| 999 |
_c63307 _d63307 |
||